Państwa Ameryki Południowej - Statystyki

Ogólne statystyki
  • Ten quiz został rozwiązany 33 razy
  • Średni wynik to 10 z 12
Odpowiedzi na mapie
Odpowiedzi zakodowano w zielono-czerwonej skali na mapie do tego quizu, zgodnie z poniższymi procentami.
 
Statystyki odpowiedzi
Państwo % Poprawnych
Argentyna
100%
Brazylia
100%
Kolumbia
100%
Chile
97%
Boliwia
87%
Urugwaj
87%
Wenezuela
87%
Peru
83%
Ekwador
80%
Paragwaj
77%
Surinam
63%
Gujana
57%
Nie znaleziono quizów pasujących do podanych kryteriów
Rozkład punktacji
Procent ludzi z każdym wynikiem
Percentyl według liczby udzielonych odpowiedzi
Twoja historia wyników
Nie rozwiązałeś tego quizu